000 00321nam a2200133Ia 4500
008 210428s9999 xx 000 0 und d
020 _a0-7106-2694-0
082 _a660 J331 j
100 _aRichard D Jones
_952179
245 0 _aInfantry Weapons 2005-2006
260 _bJanes
_aUK
_c2005
300 _a950p
942 _cBK
999 _c559945
_d559945